1988 NHL All-Stars - Statistics

General Stats
  • This quiz has been taken 3 times
  • The average score is 11 of 40
Answer Stats
Position/Conference Answer Team % Correct
Campbell Goaltender Grant Fuhr Edmonton Oilers
100%
Wales Centre Mario Lemieux Pittsburgh Penguins
100%
Wales Left Winger Michel Goulet Quebec Nordiques
100%
Wales Goaltender Patrick Roy Montreal Canadiens
100%
Wales Goaltender Ron Hextall Philadelphia Flyers
100%
Campbell Centre Steve Yzerman Detroit Red Wings
100%
Campbell Centre Wayne Gretzky Edmonton Oilers
100%
Campbell Defenceman Al MacInnis Calgary Flames
50%
Campbell Left Winger Glenn Anderson Edmonton Oilers
50%
Campbell Right Winger Jari Kurri Edmonton Oilers
50%
Campbell Left Winger Luc Robitaille Los Angeles Kings
50%
Campbell Left Winger Mark Messier Edmonton Oilers
50%
Wales Right Winger Mike Gartner Washington Capitals
50%
Wales Defenceman Paul Coffey Pittsburgh Penguins
50%
Wales Defenceman Ray Bourque Boston Bruins
50%
Campbell Defenceman Al Iafrate Toronto Maple Leafs
0%
Campbell Left Winger Bob Probert Detroit Red Wings
0%
Campbell Defenceman Brad McCrimmon Calgary Flames
0%
Campbell Right Winger Brian Bellows Minnesota North Stars
0%
Wales Right Winger Cam Neely Boston Bruins
0%
Wales Centre Christian Ruuttu Buffalo Sabres
0%
Campbell Centre Dale Hawerchuk Winnipeg Jets
0%
Wales Centre Dave Poulin Philadelphia Flyers
0%
Wales Defenceman Denis Potvin New York Islanders
0%
Campbell Centre Denis Savard Chicago Blackhawks
0%
Campbell Defenceman Gary Suter Calgary Flames
0%
Campbell Centre Greg Adams Vancouver Canucks
0%
Campbell Centre Joe Nieuwendyk Calgary Flames
0%
Wales Right Winger Kevin Dineen Hartford Whalers
0%
Campbell Defenceman Kevin Lowe Edmonton Oilers
0%
Wales Centre Kirk Muller New Jersey Devils
0%
Wales Defenceman Kjell Samuelsson Philadelphia Flyers
0%
Wales Defenceman Larry Robinson Montreal Canadiens
0%
Wales Defenceman Mark Howe Philadelphia Flyers
0%
Wales Left Winger Mats Naslund Montreal Canadiens
0%
Campbell Goaltender Mike Vernon Calgary Flames
0%
Wales Centre Pat LaFontaine New York Islanders
0%
Wales Centre Peter Stastny Quebec Nordiques
0%
Campbell Defenceman Rob Ramage St. Louis Blues
0%
Wales Right Winger Tomas Sandstrom New York Rangers
0%
No matching quizzes found
Score Distribution
Percent of People with Each Score
Percentile by Number Answered
Your Score History
You have not taken this quiz